Giáo trình giao tiếp kinh doanh Khái quát chung về giao tiếp kinh doanh. Các kỹ năng giao tiếp kinh doanh. Các ứng dụng giao tiếp kinh doanh

שמור ב:
מידע ביבליוגרפי
מחבר ראשי: Hà, Ham Khánh Giao (Chủ biên)
מחברים אחרים: Nguyễn, Thị Quỳnh Giang, Phạm, Thị Trúc Ly
פורמט: ספר
שפה:Vietnamese
יצא לאור: Hà Nội Lao Đông - Xã Hội 2011
נושאים:
תגים: הוספת תג
אין תגיות, היה/י הראשונ/ה לתייג את הרשומה!
Thư viện lưu trữ: Trung tâm Học liệu Lê Vũ Hùng, Trường Đại học Đồng Tháp
LEADER 01223aam a22003018a 4500
001 00029171
005 20171026081022.0
008 120514s2011 ||||||viesd
020 |c 70000 
041 0 # |a vie 
082 1 4 |a 338.007 1  |b GI108TR 
100 1 # |a Hà, Ham Khánh Giao  |e Chủ biên 
245 1 0 |a Giáo trình giao tiếp kinh doanh  |c Hà Ham Khánh Giao chủ biên, Phạm Thị Trúc Ly, Nguyễn Thị Quỳnh Giang  |b Khái quát chung về giao tiếp kinh doanh. Các kỹ năng giao tiếp kinh doanh. Các ứng dụng giao tiếp kinh doanh 
260 # # |a Hà Nội  |b Lao Đông - Xã Hội  |c 2011 
300 # # |a 376tr.  |c 24cm. 
650 # 4 |a Giao tiếp kinh doanh  |x Giáo trình 
653 # # |a Giao tiếp 
653 # # |a Kinh doanh 
653 # # |a Kinh tế 
700 1 # |a Nguyễn, Thị Quỳnh Giang 
700 1 # |a Phạm, Thị Trúc Ly 
852 # # |b K  |j 0 
852 # # |b Kho giáo trình  |j KGT.0034366, KGT.0034367 
852 # # |b Kho mượn  |j KGT.0034366 
852 # # |b Kho đọc  |j KD.0013563 
852 # # |j KGT.0034366  |j KGT.0034367  |j KD.0013563 
910 |d 14/05/2012 
980 # # |a Trung tâm Học liệu Lê Vũ Hùng, Trường Đại học Đồng Tháp